Financial Innovations in International Debt Management <An> Institutional Analysis

Gespeichert in:
Bibliographische Detailangaben
1. Verfasser: Berger, Walter
Format: Buch
Sprache:Deutsch
Veröffentlicht: Wiesbaden Gabler 1990
Ausgabe:1. Aufl.
Schlagworte:
Tags: Tag hinzufügen
Keine Tags, Fügen Sie das erste Tag hinzu!

MARC

LEADER 00000nam a2200000 4500
001 c000180
005 20221215125320.9
020 |a 3-409-13733-5 
041 0 |a ger 
044 |a DE 
245 1 0 |a Financial Innovations in International Debt Management  |b <An> Institutional Analysis  |c Walter Berger 
250 |a 1. Aufl. 
264 1 |a Wiesbaden  |b Gabler  |c 1990 
300 |a 166 s. 
610 2 0 |a náklady 
610 2 0 |a manažment 
610 2 0 |a vzťahy devízovo-finančné 
610 2 0 |a pôžičky zahraničné 
610 2 0 |a inovácia 
610 2 0 |a zadlženosť zahraničná 
610 2 0 |a dane 
610 2 0 |a úver medzinárodný 
100 1 |a Berger, Walter